UBT Library

Economic essays (Record no. 42625)

000 -LEADER
fixed length control field 00586cam a2200241 4500
001 - CONTROL NUMBER
control field 3138142
005 - DATE AND TIME OF LATEST TRANSACTION
control field 20180215050448.0
008 - FIXED-LENGTH DATA ELEMENTS--GENERAL INFORMATION
fixed length control field 730112s1972 enka bs 000 0 eng
010 ## - LIBRARY OF CONGRESS CONTROL NUMBER
LC control number 72197426
015 ## - NATIONAL BIBLIOGRAPHY NUMBER
National bibliography number B72-22124
020 ## - INTERNATIONAL STANDARD BOOK NUMBER
International Standard Book Number 0333135369
040 ## - CATALOGING SOURCE
Original cataloging agency DLC
Transcribing agency DLC
Modifying agency DLC
041 ## - LANGUAGE CODE
Language code of text/sound track or separate title eng
080 ## - UNIVERSAL DECIMAL CLASSIFICATION NUMBER
Universal Decimal Classification number 330.08
082 00 - DEWEY DECIMAL CLASSIFICATION NUMBER
Classification number 330.08 HAR
100 1# - Rafti
Rafti 52
101 ## - Shkurtesa
Shkurtesa EKO
245 10 - TITLE STATEMENT
Title Economic essays
Statement of responsibility, etc [by] Roy Harrod.
350 ## - PRICE (NR) (BK AM CF MU VM SE) [OBSOLETE]
Price £3.95
504 ## - BIBLIOGRAPHY, ETC. NOTE
Bibliography, etc Includes bibliographical references.
906 ## - LOCAL DATA ELEMENT F, LDF (RLIN)
a 7
b cbc
c orignew
d 3
e ncip
f 19
g y-gencatlg
942 ## - ADDED ENTRY ELEMENTS (KOHA)
Source of classification or shelving scheme
Item type Books
Holdings
Withdrawn status Lost status Source of classification or shelving scheme Damaged status Not for loan Collection code Permanent location Current location Shelving location Date acquired Total Checkouts Full call number Barcode Date last seen Price effective from Koha item type
          Koleksioni i përgjithshem UBT - Lipjan UBT - Lipjan Koleksioni i lëndeve mesimore 02/15/2018   330.08 HAR 002-2997377 02/15/2018 02/15/2018 Books
UBT Library © 2015-2024. All rights reserved University Education for Business and Technology